000 00783cam a22002533a 4500
001 3820
003 PGUSA
005 20140828083039.0
008 030301s2003||||xxu|||||s|||||000 i eng d
040 _aPGUSA
_beng
042 _adc
050 4 _aPT
100 1 _aLessing, Gotthold Ephraim,
_d1729-1781
245 1 0 _aNathan the Wise; a dramatic poem in five acts
_h[electronic resource] /
_cGotthold Ephraim Lessing
260 _bProject Gutenberg,
_c2003
506 _aPublic domain in the USA.
516 _aElectronic text
653 _aGerman drama -- Translations into English
700 1 _aTaylor, W.
_q(William),
_d1765-1836
700 1 _aMorley, Henry,
_d1822-1894
830 0 _aProject Gutenberg
_v3820
856 4 0 _uhttp://www.gutenberg.org/ebooks/3820
942 _cEB
999 _c233149
_d233149